01324nam a2200157Ia 45000010005000000080041000050200018000460430010000640410008000742450022000822600023001043000016001275200970001436500018011137000035011312155230305s2001 xx 000 0 und d a8435153745409 aen_UK aspa 0aEn construcción abOviedo TV,c2001 a1 disco DVD aEn un emblemático barrio popular de Barcelona, amenazado por un plan de reforma, se emprende la construcción de un bloque de viviendas. Queríamos conocer la intimidad de una construcción, así que nos metimos ahí, cuando ese espacio era todavía un solar donde los chavales jugaban a fútbol. Sobre este terreno buscamos la forma de convivir, conocer y rodar -así, por este orden- que nos permitiera abordar tanto el anecdotario de la propia obra como el que ésta generaba a su alrededor; en esa cotidianidad quebrada por el estruendo de los derribos, entre sus vecinos, en el barrio (de hecho la imagen del barrio se concretó en la del puñado de rostros que a nuestros ojos lo representaban). En este proceso, pronto advertimos que la mutación del paisaje urbano implicaba también una mutación en el paisaje humano, y que en este movimiento se podrían reconocer ciertos ecos del mundo. Sobre estos cimientos construimos una película. 0aFeature films aGuerin, José Luís,eAuthor